000 00387nam a22001697a 4500
005 20260413110438.0
008 160627b xxu||||| |||| 00| 0 eng d
020 _a0-14-025533-8
041 _aeng
082 _a291.4
100 _aEck, Diana L
_93002
245 _aEncountering God
260 _bPenguin India
300 _a231
650 _aComparative religion
_98972
942 _cBK
999 _c4342
_d4341